LIBRARY & INFORMATION CENTRE, KCAET, TAVANUR

ONLINE PUBLIC ACCESS CATALOGUE (OPAC)

Madras highways manual, Vol 2 / (Record no. 5524)

MARC details
000 -LEADER
fixed length control field 00375cam a2200157ua 4500
003 - CONTROL NUMBER IDENTIFIER
control field OSt
008 - FIXED-LENGTH DATA ELEMENTS--GENERAL INFORMATION
fixed length control field 260213b |||||||| |||| 00| 0 eng d
041 ## - LANGUAGE CODE
Language code of text/sound track or separate title eng
082 ## - DEWEY DECIMAL CLASSIFICATION NUMBER
Classification number 028.72627
Item number GOV/MA
245 ## - TITLE STATEMENT
Title Madras highways manual, Vol 2 /
250 ## - EDITION STATEMENT
Edition statement 1 /
260 ## - PUBLICATION, DISTRIBUTION, ETC. (IMPRINT)
Place of publication India :
Name of publisher Government of Madras ,
Year of publication 1960.
300 ## - PHYSICAL DESCRIPTION
Number of Pages 556 ; .
942 ## - ADDED ENTRY ELEMENTS (KOHA)
Koha item type Books
Holdings
Withdrawn status Lost status Damaged status Home library Current library Date acquired Full call number Accession Number Koha item type
Withdrawn     KAUAET KAUAET 07/04/2012 028.72627 7970 Reference
Withdrawn     KAUAET KAUAET 02/02/2021 028.72627 GOV/MA 7971 Books
Withdrawn     KAUAET KAUAET 02/02/2021 028.72627 GOV/MA 7972 Books
Withdrawn     KAUAET KAUAET 02/02/2021 028.72627 GOV/MA 7974 Books
free website counter